| 000 | 00916nam a2200265Ia 4500 | ||
|---|---|---|---|
| 003 | OSt | ||
| 005 | 20220918171013.0 | ||
| 006 | a|||||r|||| 00| 0 | ||
| 007 | ta | ||
| 008 | 220917b |||||||| |||| 00| 0 eng d | ||
| 020 |
_a9781137002686 (hbk) _cUKP 55.00 |
||
| 024 | _a320,538 | ||
| 037 |
_b12975, 08/03/2017, Elite Publishers Distributors _cTextual |
||
| 040 |
_aARTS _cARTS _beng |
||
| 041 |
_2eng _aeng |
||
| 082 | _aR3, Q3 | ||
| 100 |
_aMorganti Matteo Au. _933041 |
||
| 245 | 0 |
_aCombining science and metaphysics _b contemporary physics, conceptual revision and common sense |
|
| 260 |
_aLondon _bPalgrave Macmillan UK _c2013 |
||
| 300 |
_axi,211p. _ccm. |
||
| 490 | _aNew directions in the philosophy of science | ||
| 650 |
_aSCIENCE; METAPHYSICS _933042 |
||
| 942 |
_hR3, Q3 _cTEXL _2CC |
||
| 999 |
_c137208 _d137208 |
||